| 000 | 00936nac a22002657a 4500 | ||
|---|---|---|---|
| 001 | BR7902134 | ||
| 003 | BR-BrBNA | ||
| 005 | 20240105114418.0 | ||
| 008 | 230509b bl.|||m| |||| 00| 0 por d | ||
| 040 |
_aBR-BrBNA _bpor _cBiblioteca Nacional de Agricultura |
||
| 072 | _aL60; L40 | ||
| 090 | _a7900 BR7902134 | ||
| 100 | 1 | _aOveral, W.L. | |
| 110 | 1 | _aMuseu Paraense Emilio Goeldi, Belem, PA (Brasil) | |
| 245 | 1 | _aDesignacao de Lectotipos de onze especies de vespas sociais descritas por Adolpho Ducke, e notas sobre a colecao Ducke (Hymenoptera: Vespidae) | |
| 260 | 3 |
_aBelem, PA (Brasil): _c1978. |
|
| 300 | _a14 p. | ||
| 490 |
_aBoletim do Museu Paraense Emilio Goeldi. Nova Serie. Zoologia (Brazil) _vno. 94 _xISSN 0077-2332 |
||
| 500 | _aSummaries (En, Pt); 14 ref. | ||
| 650 | _aTAXONOMIA ANIMAL | ||
| 650 | _aVESPA | ||
| 650 | _aINSETO | ||
| 909 |
_a202312 _bLúcia Elande _c55 _dLúcia Elande |
||
| 942 |
_2AGRIS _n0 _cMS |
||
| 999 |
_c269202 _d269202 |
||